Complete the film title (James Bond films) - Statistics

General Stats
  • This quiz has been taken 121 times
  • The average score is 17 of 18
Answer Stats
Film Title % Correct
Die Another {Day}
99%
From Russia With {Love}
99%
Licence to {Kill}
99%
No Time To {Die}
99%
Casino {Royale}
98%
For Your Eyes {Only}
98%
Live and Let {Die}
98%
The Spy Who Loved {Me}
98%
Dr {No}
97%
You Only Live {Twice}
97%
Diamonds Are {Forever}
95%
On Her Majesty’s Secret {Service}
94%
Tomorrow Never {Dies}
94%
The Man With The Golden {Gun}
93%
A View To A {Kill}
92%
Quantum of {Solace}
91%
The World Is Not {Enough}
84%
The Living {Daylights}
76%
No matching quizzes found
Score Distribution
Percent of People with Each Score
Percentile by Number Answered
Your Score History
You have not taken this quiz